Integrácia EZS, CCTV, SKV a EPS do nadstavbového systému

Gespeichert in:
Bibliographische Detailangaben
1. Verfasser: Pažitný, Peter, 1984- (Verfasst von)
Weitere Verfasser: Eliáš, Andrej, 1980- (Betreuung Doktorarbeit)
Format: Manuskript Buch
Sprache:Slowakisch
Veröffentlicht: 2015
Schlagworte:
Online-Zugang:http://is.stuba.sk/zp/portal_zp.pl?podrobnosti=110703
Tags: Tag hinzufügen
Keine Tags, Fügen Sie das erste Tag hinzu!

MARC

LEADER 00000ntm a22000003a 4500
001 stuzp51484
003 SK-STU
005 20160719153853.1
007 ta
008 150427s2015----xo-----f-mn---000-0-slo-d
040 |a STU  |b slo 
041 0 |a slo 
100 1 |a Pažitný, Peter,  |d 1984-  |u 066000  |4 aut  |U MTF Materiálovotechnologická fakulta  |T MTF Ústav aplikovanej informatiky, automatizácie a mechatroniky  |X 6889  |U M6000  |Y 86  |7 A000006889 
242 0 1 |a Integration EZS, CCTV, SKV and EPS into the master system  |y eng 
245 1 0 |a Integrácia EZS, CCTV, SKV a EPS do nadstavbového systému 
260 |c 2015 
650 4 |a Elektrická zabezpečovacia signalizácia  |2 slo 
650 4 |a Elektrická požiarna signalizácia  |2 slo 
650 4 |a Systém na kontrolu vstupu  |2 slo 
650 4 |a Uzavretý televízny okruh  |2 slo 
650 4 |a Integrovaný zabezpečovací systém  |2 slo 
650 4 |a Access control system  |2 eng 
650 4 |a Electrical security system  |2 eng 
650 4 |a Electric fire alarm  |2 eng 
650 4 |a Closed circuit television  |2 eng 
650 4 |a Integrated alarm system  |2 eng 
700 1 |a Eliáš, Andrej,  |d 1980-  |4 ths  |X 2822  |7 A000002822 
856 4 |u http://is.stuba.sk/zp/portal_zp.pl?podrobnosti=110703 
996 |c M* DP-12447  |l MMSKP  |s P  |a 0  |w stuzp51484_0001 
SQL |a stuzp51484  |b DDP  |c SLO  |d Integrácia EZS, CCTV, SKV a EPS do nadstavbového systému  |e 6889  |f Pažitný, Peter  |g 066000  |h 2822  |i Eliáš, Andrej  |j 20150603  |k 965  |l 06  |m http://is.stuba.sk/zp/portal_zp.pl?podrobnosti=110703  |n I-AIPP  |o 5.2.14. automatizácia